00546nam a2200181 a 45000010010000000030011000100080041000210350026000620820014000881000024001022450033001262600033001596500035001929420012002279520090002399980020003299990015003490000-8955ELIB.Books110520 1981  a(ELIB.Books)0000-9104 a261 bAna aAna, Julio De Santa aTowards a church of the poor bNew York: Orbis Books c1981 aSocial Theology & Christianity 2ddccBK 00102ddc4070aKBTSbKBTSd2011-05-20l0p7709r2022-01-22 00:00:00w2022-01-22yBK cbate2011-05-20 c8955d8955